000 00393nam a2200169Ia 4500
008 230524s9999 xx 000 0 und d
020 _a9788184882773
082 _a346.06
_bSAR
100 _aP. Saravanavel
_941980
245 0 _aBusiness Law
250 _a1
260 _aMumbai
_bHimalaya
_c2009
300 _a338
500 _aQuantity Number: 1
650 _aManagement
942 _cBK
999 _c56395
_d56395